| 000 | 00412cam a2200157ua 4500 | ||
|---|---|---|---|
| 041 |
_aeng _h |
||
| 082 |
_a631.3 _bPAN/HA |
||
| 100 | _aPandey, M M . | ||
| 245 |
_aHarvesting hand tools of India / _cM M Pandey. _hTextual Documents |
||
| 250 |
_a1 / _b. |
||
| 260 |
_aBhopal : _bCentral Institute of Agricultural Engineering , _c1981. |
||
| 300 | _a178 ; . | ||
| 504 | _a | ||
| 942 | _cBK | ||
| 999 |
_c8504 _d8504 |
||